Представление документа в формате MARC21

Поле Инд. ПП Название Значение
Тип записи a
Библиографический уровень m
001 Контрольный номер RU/IS/BASE/264547935
005 Дата корректировки 20250404130211.1
008 Кодируемые данные 19971218
040 00 e Правила каталог. Л.М. 971218
084 a Индекс другой классификации/Индекс ББК 84(5Арм)6-5; 84(5Арм)6-51
090 00 a Полочн. индекс 84(5Арм)6-5
x Авторский знак Т 83
097 00 a 230
100 10 a Автор Туманян О. Т.
q Полное имя Туманян Ованес Тадевосович
245 00 a Заглавие Стихотворения и поэмы
c Ответственность вступительная статья, составление, примечание К. Н. Григорьяна
250 00 a Основные сведения об издании 2-е изд.
260 00 a Место издания Ленинград
b Издательство Советский писатель
c Дата издания 1969
300 00 a Объем 336 с.
b Иллюстрации/ тип воспроизводства портр.
336 a Термин вида содержания Текст
337 a Термин типа средства непосредственный
650 04 a Основная рубрика художественная литература
653 00 a Ключевые слова XX век
a Ключевые слова Армения
a Ключевые слова армянская литература
655 00 a Жанр/ форма (устаревшее) поэзия
a Жанр/ форма (устаревшее) поэма
a Жанр/ форма (устаревшее) стихотворение
700 10 a Автор Григорьян К. Н.
e Роль лиц автор вступительной статьи; составитель
901 t Тип документа m
952 a Тип литературы для КСУ ВШ ЛХИ